000 00662nam a2200229Ia 4500
005 20260704175958.0
008 260704s9999||||xx |||||||||||||| ||und||
020 _a0415974100
_qpbk
020 _a9780415974103
_qpbk
082 _a801.95
_bTYS.2E
100 _aTyson, Lois
245 0 _aCritical theory today : a user-friendly guide [2nd ed.]
250 _a2nd ed.
260 _aNew York
_bRoutledge an imprint of Taylor and Francis Group
_c2006
300 _axiv, 465p. ; 23cm.
653 _aCriticism
653 _aLiterary criticism
653 _aLiterary theory
653 _aLiterary theory
653 _aLiterature — Philosophy
942 _cBK
999 _c57396
_d57396